| 000 | 01851nam a2200373 a 4500 | ||
|---|---|---|---|
| 003 | BLK | ||
| 005 | 20230728121126.0 | ||
| 008 | 180409b bul|||||r ||||||| ||bul|| | ||
| 020 | _a9789549369175 | ||
| 040 | _aBLK | ||
| 041 |
_aBUL _cBUL |
||
| 080 |
_aБолести на яйчниците и на фалопиеви (маточните) тръби - Оофорит, овариоектомия, стерилизация, кастрация, салпингит, аднексит, салпингоофорит и др. _b618.11/.12 _x(035) _z618.11/.12(035) |
||
| 080 |
_aМолекулярни основи на живота. Молекулярна биология. Генно инженерство (теория, методи) вж и 573.6 _b577.2 _x(035) _z577.2(035) |
||
| 100 | 1 |
_aКаменов, Здравко Асенов _9295191 |
|
| 245 | 1 | 0 |
_aСиндром на поликистозните яйчници _cЗдравко Каменов, Мария Орбецова, Антоанета Гатева. |
| 257 | _aBGR | ||
| 260 |
_aСофия _bЗИП _c2010 |
||
| 300 |
_a260 с. _bс ил., табл., сх. _c23 см |
||
| 380 | _a61 | ||
| 500 | _aБиблиогр. след отд. гл. | ||
| 650 | 4 |
_aЯйчници - кисти _9322057 |
|
| 653 | _aгинекология | ||
| 653 | _aяйчници | ||
| 653 | _aкисти | ||
| 653 | _aмолекулярна генетика | ||
| 700 | 1 |
_aОрбецова, Мария Миткова _eсъавт. _9322055 |
|
| 700 |
_aГатева, Антоанета Трифонова _eсъавт. _9322056 |
||
| 852 |
_aЦб 256983 _bЦб |
||
| 852 |
_bП _c618/К 23 З |
||
| 942 |
_cKNG _n0 |
||
| 944 |
_aCR _c06.11.2012 _k30540 _lСевдалина Тодорова |
||
| 944 | _aED | ||
| 999 |
_c130118 _d130118 |
||